| 000 | 00601nam a22002177a 4500 | ||
|---|---|---|---|
| 999 |
_c12669 _d12669 |
||
| 003 | MIRAKIL | ||
| 005 | 20190205104459.0 | ||
| 008 | 190205b tu ||||| |||| 00| 0 tur d | ||
| 040 |
_aTR-AnCHP _cTR-AnCHP |
||
| 041 | _atur | ||
| 082 |
_a297.82 _bB35k 1993 |
||
| 100 | _aBender, Cemşid | ||
| 245 | 1 | 0 |
_aKürt uygarlığında Alevilik/ _cCemşid Bender. |
| 250 | _a2.bs. | ||
| 260 |
_aİstanbul: _bKaynak yayınları; _c1993. |
||
| 300 |
_a416 s.: _c20 sm. |
||
| 490 | 0 |
_aKaynak yayınları: _v99. |
|
| 504 | _aKaynakça vardır. | ||
| 650 | 0 |
_95116 _aKürtler _xAlevilik _yTarih |
|
| 942 |
_2ddc _cBKS |
||